Literature and revolution /
محفوظ في:
| المؤلف الرئيسي: | |
|---|---|
| التنسيق: | غير معروف |
| منشور في: |
New York :
Russell & Russell,
[fecha de publicación no identificada].
|
| الموضوعات: | |
| الوسوم: |
إضافة وسم
لا توجد وسوم, كن أول من يضع وسما على هذه التسجيلة!
|
MARC
| LEADER | 000000000a22000000004500 | ||
|---|---|---|---|
| 001 | 003825 | ||
| 082 | 0 | 4 | |a 891.090.4 |b T858l |
| 100 | 1 | |a Trotsky, León, |d 1879-1940 | |
| 245 | 1 | 0 | |a Literature and revolution / |c León Trotsky. |
| 260 | 1 | |a New York : |b Russell & Russell, |c [fecha de publicación no identificada]. | |
| 300 | |a 225 páginas ; |c 21 cm. | ||
| 650 | 4 | |a LITERATURA RUSA | |
| 650 | 4 | |a SIGLO XX | |
| 650 | 4 | |a HISTORIA Y CRITICA | |
| 650 | 4 | |a LITERATURA Y REVOLUCION | |
| 999 | |c 10213 |d 10213 | ||
| 942 | |c BK |h 891.090.4 T858l |2 z | ||
